000 00441cam a2200145 4500500
005 20251012011952.0
041 _afre
042 _adc
100 1 0 _aRégnier, Quentin
_eauthor
245 0 0 _a‘Umrân
260 _c2019.
500 _a5
786 0 _nPhilosophie magazine | 134 | 11 | 2019-11-01 | p. 38-38 | 1951-1787
856 4 1 _uhttps://shs.cairn.info/magazine-philosophie-magazine-2019-11-page-38?lang=fr&redirect-ssocas=7080
999 _c1525024
_d1525024